000 00291nam a2200133Ia 4500
008 191201s2012 xx 000 0 und d
100 _aGALLO, Carmine
245 0 _aApple Experience
250 _aRep
260 _aNew Delhi
_bTMH
_c2012
300 _a234
650 _aMBA
942 _2ddc
_cBK
999 _c5562
_d5562